Investigation into the affairs of general , London & Urban properties limited (Record no. 423329)

000 -LEADER
fixed length control field 00355cam a22001097a 4500
008 - FIXED-LENGTH DATA ELEMENTS--GENERAL INFORMATION
fixed length control field 180718b1960 xxu||||| |||| 00| 0 eng d
082 ## - DEWEY DECIMAL CLASSIFICATION NUMBER
Classification number T31x42 Un3/GL
100 ## - MAIN ENTRY--PERSONAL NAME
Personal name Fay, E.S.
245 ## - TITLE STATEMENT
Title Investigation into the affairs of general , London & Urban properties limited
Statement of responsibility, etc. by E.S. Fay
260 ## - PUBLICATION, DISTRIBUTION, ETC.
Place of publication, distribution, etc. London
Name of publisher, distributor, etc. Her Majesty's Stationery Office
Date of publication, distribution, etc. 1960
300 ## - PHYSICAL DESCRIPTION
Extent 94+p
Holdings
Withdrawn status Lost status Damaged status Not for loan Permanent Location Current Location Date acquired Full call number Barcode Date last seen Price effective from Koha item type
        Indian Institute of Public Administration Indian Institute of Public Administration 2009-09-02 T31x42 Un3/GL 25053 2018-07-21 2018-07-21 Book

Powered by Koha